00881nam a2200217 a 450000100060000000300090000600800410001502000150005604000280007108200180009910000270011724500760014426000930022030000110031359000470032465000550037165000550042694200120048199900170049395201530051020027CO-ViMGA141112s2004 ck r 000 u spa d a9586824209 aCO-ViMGAbspacCO-ViMGA04aCo863.4 K545v1 aKline, Carmenza92906510aViolencia en Macondo : btema recurrente en la obra de García Marquez aBogotá : bFundación general de la Universidad de Salamanca, cSede Colombia, c2002 a233 p. aForma de adquisición : Premio Mincultura14aGARCIA MARQUEZ, GABRIEL - CRITICA E INTERPRETACION14aNOVELA COLOMBIANA - CRITICA E INTERPRETACION95807 2ddccBK c29143d29143 00102ddc40708003aMEVIECARbMEVIECARd2015-12-04hVolumen. 1 | 11/jun/2009l0oCo863.4 K545v p20027r2015-12-04 00:00:00tEj. 1w2015-12-04yBK